| 000 | 00563nam a2200193Ia 4500 | ||
|---|---|---|---|
| 003 | OSt | ||
| 005 | 20260406143221.0 | ||
| 008 | 210210b1998 xxu||||| |||| 00| 0 eng d | ||
| 040 | _cAL | ||
| 041 | _aHindi | ||
| 082 | _aH891.109 SHAS | ||
| 100 |
_aSHARM (Krashndev) Env AGRVAL (Maya). _dशर्मा (कृष्णदेव) अग्रवाल (माया) _9260292 |
||
| 245 |
_aSaket. _b साकेत |
||
| 260 |
_aDilli _bAnita Prakashana _c1998 |
||
| 300 | _a113 | ||
| 690 |
_aHindi Criticism _9260293 |
||
| 906 | _a052651 | ||
| 942 |
_2ddc _cBK |
||
| 999 |
_c101110 _d101110 |
||